| 000 | 00797nam a22002415a 4500 | ||
|---|---|---|---|
| 008 | 150629s2014 ii a frd 001 0 eng d | ||
| 020 | _a9789350909775 | ||
| 040 |
_aEG-ScBUE _beng _dEG-ScBUE |
||
| 082 | 0 | 4 |
_a616.9041 _bRAO _222 |
| 100 | 1 |
_aRao, RR _938261 |
|
| 245 | 1 | 0 |
_aTextbook of microbiology for nursing students / _cRR Rao. |
| 250 | _a2nd ed. | ||
| 260 |
_aNew Delhi : _bJaypee Brothers Medical Publishers (p) LTD, _c2014. |
||
| 300 |
_axvi, 377 p. : _bill. ; _c24 cm. |
||
| 500 | _aIndex : p. 365-377. | ||
| 500 | _aGlossary : p. 361-363. | ||
| 650 | 7 |
_aNursing _xStudy and teaching _vTextbook. _2BUEsh _936329 |
|
| 650 | 7 |
_aBiochemistry _vTextbook. _2BUEsh _918368 |
|
| 651 | _2BUEsh | ||
| 653 |
_bNNUR _cJune2015 _cJuly2015 |
||
| 655 |
_vreading book _934232 |
||
| 942 |
_2ddc _k616.9041 RAO |
||
| 999 |
_c20043 _d20015 |
||